Bài giảng kỹ thuật nuôi hải sản
Bài giảng cung cấp những kiến thức cơ bản về kỹ thuật nuôi một số đối tượng hải sản quan trọng, nhất là những đối tượng có triển vọng hay đối tượng đang nuôi ở Việt Nam.
Αποθηκεύτηκε σε:
| Κύριος συγγραφέας: | |
|---|---|
| Μορφή: | Βιβλίο |
| Γλώσσα: | Undetermined |
| Έκδοση: |
Cần Thơ
Trường Đại học Cần Thơ
2000
|
| Θέματα: | |
| Ετικέτες: |
Προσθήκη ετικέτας
Δεν υπάρχουν, Καταχωρήστε ετικέτα πρώτοι!
|
| Thư viện lưu trữ: | Trung tâm Học liệu Trường Đại học Cần Thơ |
|---|
| LEADER | 00876nam a2200193Ia 4500 | ||
|---|---|---|---|
| 001 | CTU_36389 | ||
| 008 | 210402s9999 xx 000 0 und d | ||
| 082 | |a 639.32 | ||
| 082 | |b Ph561 | ||
| 100 | |a Nguyễn, Thanh Phương | ||
| 245 | 0 | |a Bài giảng kỹ thuật nuôi hải sản | |
| 245 | 0 | |c Nguyễn Thanh Phương, Trần Ngọc Hải | |
| 260 | |a Cần Thơ | ||
| 260 | |b Trường Đại học Cần Thơ | ||
| 260 | |c 2000 | ||
| 520 | |a Bài giảng cung cấp những kiến thức cơ bản về kỹ thuật nuôi một số đối tượng hải sản quan trọng, nhất là những đối tượng có triển vọng hay đối tượng đang nuôi ở Việt Nam. | ||
| 650 | |a Marine fishes | ||
| 904 | |i Minh, Giang sửa | ||
| 980 | |a Trung tâm Học liệu Trường Đại học Cần Thơ | ||